How to Multiply Your Money <a> Beginner's Guide to Commodity Speculation

Salvato in:
Dettagli Bibliografici
Natura: Libro
Lingua:inglese
Pubblicazione: Cedar Falls Investor Pub. 1981
Edizione:2. ed.
Soggetti:
Tags: Aggiungi Tag
Nessun Tag, puoi essere il primo ad aggiungerne!!

MARC

LEADER 00000nam a2200000 4500
001 c000456
005 20221220103220.4
020 |a 0-914230-03-4 
041 0 |a eng 
044 |a US 
245 1 0 |a How to Multiply Your Money  |b <a> Beginner's Guide to Commodity Speculation 
250 |a 2. ed. 
264 1 |a Cedar Falls  |b Investor Pub.  |c 1981 
300 |a 187 s. 
610 2 0 |a peniaze 
610 2 0 |a tovar 
610 2 0 |a výmena tovarová 
610 2 0 |a podnikanie 
610 2 0 |a burzy komoditné 
610 2 0 |a trh 
610 2 0 |a obchod 
610 2 0 |a manažment 
610 2 0 |a ceny trhové 
610 2 0 |a zisk